000 00866nam a2200241Ia 4500
003 OSt
005 20220923224036.0
006 a|||||r|||| 00| 0
007 ta
008 220922b |||||||| |||| 00| 0 hin d
024 _a224,387
037 _cTextual
040 _aARTS
_cARTS
_bhin
041 _2hin
_ahin
082 _aV2,21y7N267x, 152P4
100 _aघटाटे, ना.मा., संपा.
_9156782
245 0 _aअटल बिहारी वाजपेयी गठबंधन की राजनीति
246 _aAṭal bihārī vājapeyī gaṭhabandhan kī rājanīti
260 _aदिल्ली
_b प्रभात प्रकाशन
_c2004
300 _a436पृ.
_ccm.
942 _hV2,21y7N267x, 152P4
_cTEXL
_2CC
999 _c368804
_d368804